[Event "UKR-ch"]
[Site "Ordzhonikidze"]
[Date "2001.09.11"]
[Round "4"]
[White "Moroz, Alexander"]
[Black "Maximov, Dmitry"]
[Result "0-1"]
[WhiteElo "2512"]
[BlackElo "2408"]
[Annotator "Tyomkin,D"]
[PlyCount "98"]
[EventDate "2001.09.08"]
[EventType "swiss"]
[EventRounds "9"]
[EventCountry "UKR"]
[SourceTitle "CBM 086"]
[Source "ChessBase"]
[SourceDate "2002.02.05"]
[SourceVersion "1"]
[SourceVersionDate "2002.02.05"]
[SourceQuality "1"]

1. e4 c5 2. Nf3 d6 3. d4 cxd4 4. Nxd4 Nf6 5. Nc3 Nc6 6. Be2 e5 7. Nf3 h6 8. O-O
Be7 9. Re1 O-O 10. h3 Be6 11. Bf1 Qa5 12. Nb5 $6 {Not the main line; More
popular moves here are:} (12. Bd2) (12. a3) 12... a6 13. Nxd6 Qc5 (13... Qb4 {
Ernst} 14. Nf5 Bxf5 15. exf5 Rad8 16. Nd2 Qf4 17. Bd3 Qa4 18. b3 Qd4 19. Rb1
Bb4 $44 {Roman,F-Garcia,D/WchJ-Mamaia/1991/}) (13... Bxd6 {Ernst} 14. Qxd6 Rfd8
15. Qa3 Qxa3 16. bxa3 Nd7 17. Be3 Na5 $14 {Kuporosov,V-Lagunov,A/Berlin56(206)/
1992/,Kramnik-Makarov.M/SSSR51-191/1991/}) 14. Nf5 (14. Nxb7 $4 {Ernst} Qb4 $19
) 14... Bxf5 15. exf5 {Perhaps, the best, what white can get in this opening
line vs Nb5, is the balanced position after:} (15. Be3 $5 Qb4 (15... Qa5 $5)
16. exf5 Qxb2 17. Rb1 Qxa2 18. Rxb7 Rab8 19. Qb1 Qa5 20. Qb6 $11 {1/2-1/2 Xie
Jun-Chiburdanidze,M/Kuala Lumpur 1994/CBM 41 (60)}) 15... e4 $146 {Position is
about equal in the following line:} (15... Rad8 16. Nd2 e4 17. c3 Qxf5 (17...
Bd6 {Ernst} 18. Qe2 Rfe8 19. Nc4 Bc7 20. Be3 (20. Ne3 {Ernst} Ne5 $44) 20...
Qxf5 21. a4 Nd5 22. Rad1 Qe6 (22... Nxe3 {Ernst} 23. Nxe3 Qe5 24. g3 Rxd1 25.
Rxd1 Rd8 26. Rxd8+ Bxd8 27. Qc4 $14) 23. Bc1 f5 {1-0 Xie Jun-Ioseliani,N/
Monaco 1993/CBM 38/[Ernst] (58)}) 18. Qe2 (18. Qc2 {Ernst} Bc5 19. Nb3 $10 (19.
Nxe4 $6 Nxe4 20. Rxe4 Bxf2+ $1 $15)) 18... Bc5 19. Nb3 Bb6 (19... Bd6 $5 {
[%cal Gf5e5]}) 20. Be3 Bxe3 21. Qxe3 Rfe8 $11 {1/2-1/2 Gashimov,V-Werle,J/
Halkidiki GRE 2001/The Week in Chess 357 (30)}) 16. Be3 $6 {Bishop turns out a
weakness on e3- it removes a pressure of white rook on e4- and black gets a
chance to reach better position now;} (16. Nd2 Qxf5 17. c3 $11) 16... Qxf5 17.
Nd4 (17. Nd2 Nd5 $15) 17... Nxd4 18. Qxd4 Rfd8 $15 {Black controls much more
space here and all his pieces are very active;} (18... Rad8 $10 {Ernst}) 19.
Qa4 (19. Qb6 Nd5 20. Qxb7 Rab8 21. Qxa6 Rxb2 $15) 19... Nd5 20. Bd4 (20. Rad1
b5 21. Qb3 Nxe3 22. Qxe3 Bc5 23. Qg3 Rxd1 24. Rxd1 Re8 $17 {[%cal Ge4e3]})
20... Rd6 21. Bc5 Rf6 $2 {Overlooking one unexpected blow on white's next move.
...} (21... Re6 $15) 22. Bxe7 $2 {Perhaps, the following offer for white
didn't come to the mind of Moroz- g2-g4 weakens the castle of white king, but
on the other hand, white captures e4 with the tempo and removes the attack out
of f2!} (22. g4 $1 {[%csl Re4,Yf2]} Qf4 (22... Qe6 23. Rxe4) 23. Rxe4 Bxc5 24.
Rxf4 Rxf4 25. Qd7 $16) 22... Qxf2+ $17 23. Kh2 (23. Kh1 Nxe7 24. Qxe4 Nf5 25.
Qxb7 Rd8 $17 {[%cal Gf5g3,Yf2f4]}) 23... Nxe7 24. Qxe4 Nf5 25. Qxb7 (25. Re2
Qg3+ 26. Kg1 Qc7 $1 {[%cal Gc7b6,Gf5g3]}) 25... Qf4+ 26. Kg1 Qd4+ 27. Kh1 (27.
Kh2 Qd6+ 28. Kg1 Rb8 29. Qa7 Rxb2 30. Bd3 $15) 27... Rd8 28. Qc7 Rfd6 {[%cal
Gf5g3,Yd4f4] Black is down a pawn, but the advantage is in hands of black
because of white king vulnerable and lacking defenders; The main idea of black
is Ng3 and Qf4 then, increasing the pressure;} 29. Rad1 Ng3+ 30. Kh2 Nxf1+ 31.
Rxf1 Qe5+ 32. Kh1 Rxd1 33. Qxe5 Rxf1+ 34. Kh2 Rf2 $17 {[%mdl 4096]} 35. b4 (35.
c4 Rdd2 36. Qb8+ Kh7 37. Qa8 Rxb2 38. c5 Rxa2 39. Qd5 Rad2 $1 {White is not
able to advance his pawn c and protect g2 at the same time here- black just
removes white queen from e4 and d5 squares;} 40. Qe4+ f5 41. Qa8 a5 $19) 35...
Rxc2 (35... Rdd2 36. Qe4 Rxc2 37. a4 $11) 36. a4 Rc4 37. Qa5 Rb8 38. Qxa6 Rcxb4
39. a5 R4b7 40. Kg3 {The best what white can get here is to trade a5 for f7
and then to escape in the ending with g and h pawns for both with the queen
against two rooks;} Re7 41. Qd6 Rbe8 42. Qc6 $2 {The target of white here is
to prevent black from moving his rooks to a-file; White can cause black
problems by following play:} (42. Qc5 $1 Re6 (42... Rd7 43. Qc6 Red8 44. Qa6 $1
) 43. Qa7 $1 {[%cal Ra7b7]} Rg6+ 44. Kh2 Ree6 (44... Re2 $5 45. Qa8+ Kh7 46.
Qd5 $1 f5 $13) 45. Qb8+ Kh7 46. Qc8 Ra6 47. Qf5 Ra8 48. Qxf7 Rxa5 49. Qf2 Rag5
50. g4 {That's the key position of this ending; I just don't know the exact
evaluation of this ending, but probably white can save it....}) 42... Rd8 $1
$19 43. Qc5 $2 {Now black just doubles his rooks over "a" and wins a5 for
nothing;} (43. Qa6 Re6 44. Qa7 Rdd6 45. Qb8+ Kh7 $19 {[%csl Ra5][%cal Gd6a6]})
43... Red7 44. h4 Ra8 45. h5 Rda7 46. Kh4 Rxa5 47. Qc6 Rd8 48. Qc7 Rd4+ 49. g4
Rg5 0-1